| 000 | 01045nam a22003015i 4500 | ||
|---|---|---|---|
| 001 | 17363558 | ||
| 003 | EG-ScBUE | ||
| 005 | 20250428093913.0 | ||
| 008 | 120627t2013 gw a f b 001 0 eng d | ||
| 020 | _a9783834817112 | ||
| 040 |
_aEG-ScBUE _beng _erda _cEG-ScBUE _dEG-ScBUE |
||
| 082 | 0 | 4 |
_222 _a530.141 _bMRO |
| 100 | 1 |
_aMrozynski, Gerd, _eauthor. _932426 |
|
| 245 | 1 | 0 |
_aElectromagnetic field theory : _ba collection of problems / _cGerd Mrozynski, Matthias Stallein. |
| 264 | 1 |
_aWiesbaden : _bSpringer Vieweg, _c[2013] |
|
| 264 | 4 | _cc2013 | |
| 300 |
_axii, 272 pages : _billustrations ; _c24 cm |
||
| 336 |
_2rdacontent _atext _btxt |
||
| 337 |
_2rdamedia _aunmediated _bn |
||
| 338 |
_2rdacarrier _avolume _bnc |
||
| 500 | _aIncludes Appendices. | ||
| 504 | _aIncludes bibliographical references and index. | ||
| 650 | 7 |
_aElectromagnetic theory _xMathematics. _932427 _2BUEsh |
|
| 650 | 7 |
_aElectromagnetic fields _xMathematics. _931400 _2BUEsh |
|
| 655 | _vReading book | ||
| 700 | 1 |
_aStallein, Matthias, _eauthor. |
|
| 942 |
_2ddc _cBB |
||
| 999 |
_c17242 _d17214 |
||